000 00390cam a22001337a 4500
008 180718b1957 xxu||||| |||| 00| 0 eng d
082 _aH514x42 Sh53
100 _aSheridan, L. A.
245 _aFraud in equity: a study in English and Irish Law
_cby L. A. Sheridan
260 _aLondon
_bPitman
_c1957
300 _axliii, 235p
650 _aFraud --Ireland
650 _aFraud --Great Britain
999 _c427590
_d427590